| 000 | 00982nam a2200253 i 4500 | ||
|---|---|---|---|
| 001 | 187206 | ||
| 003 | SpMaBN | ||
| 005 | 20250628053940.0 | ||
| 008 | 170505s1988 ck |||| | spa d | ||
| 080 | _a875 Homero 7 Odisea.06 | ||
| 100 | 1 |
_aRamos, Óscar Gerardo. _9162555 |
|
| 245 | 1 | 0 |
_aCategorías de la epopeya / _cÓscar Gerardo Ramos ; [prólogo, Ignacio Chaves Cuevas]. |
| 260 |
_aBogotá : _b[Instituto Caro y Cuervo], _c1988 ( _fImp. Patriótica del Instituto Caro y Cuervo) |
||
| 300 |
_a135 p. ; _c21 cm. |
||
| 490 | 1 |
_aPublicaciones del Instituto Caro y Cuervo. _aMinor ; _v31 |
|
| 504 | _aBibliografía: p. [129]-133. | ||
| 600 | 0 | 7 |
_aHomero. _tLa Odisea. _964114 |
| 700 | 1 |
_aChaves Cuevas, Ignacio. _9162544 |
|
| 710 | 2 |
_aInstituto Caro y Cuervo. _94806 |
|
| 830 | 0 |
_aPublicaciones del Instituto Caro y Cuervo. _aMinor ; _v31 _9192752 |
|
| 852 |
_aES-MaACL _cDEPO2 _hDonativo José Prat _jL-31550 |
||
| 942 |
_2udc _cMONOGRAFIA _n0 |
||
| 999 |
_c187206 _d187206 |
||